000 01043nam a22003017i 4500
003 DO-SdBNP
005 20260305073952.0
007 ta
008 240613e2000 dr abcdgri||| 001 jdspa d
020 _a843997681X
040 _aDO-SdBNP
_bspa
_cBNPHU
_erda
041 _aspa
082 4 _a972.93
_bM938m 2000
_222
100 1 _aMoya Pons, Frank,
_d1944-
_eautor
_4aut.
_92095
245 1 0 _aManual de historia dominicana /
_cFrank Moya Pons.
250 _aDécimasegunda edición
264 4 _aSanto Domingo, República Dominicana :
_bEditora Corripio, C. por A.,
_c©2000.
300 _a733 páginas :
_bilustraciones, mapas, retratos ;
_c21 cm.
336 _2rdacontent
_atexto
_btxt
337 _asin mediación
_bn
_2rdamedia
338 _avolumen
_bnc
_2rdacarrier
500 _aIncluye índice
590 _aInventariado, 2024/DG
650 4 _aRepública Dominicana
_xHistoria
_9416
651 4 _aIsla Hispañola (Haití y República Dominica)
_xHistoria
_983061
910 _aDG/Validado. Control de calidad MFF
942 _2ddc
_cLBS1
999 _c56841
_d56841